000 00224 a2200097 4500
001 13607
100 _aQuigley H S
245 _aControls for outer space
260 _aNew York
_bColombia University
_c
090 _c10605
_d10605
942 _aNUST-CAE
_cM
_c676
999 _c248680
_d248680